| 000 | 00909nam a22002297a 4500 | ||
|---|---|---|---|
| 999 |
_c62533 _d62533 |
||
| 005 | 20240530110554.0 | ||
| 008 | 160808s2014 ua f b 000 0 ara d | ||
| 017 |
_a2013/17541 _bمصر . دار الكتب المصرية |
||
| 020 | _a9789774951404 | ||
| 040 | _aEG-CaGPL | ||
| 082 | 0 | 4 |
_221 _a791.4\ _bع ا |
| 100 | 0 | _aعادل عبدالغفار | |
| 245 | 1 | 2 |
_aالاتجاهات المعاصرة فى الاعداد والتقديم الاذاعى والتليفزيونى / _cتاليف عادل عبدالغفار |
| 250 | _aط. 1 | ||
| 260 |
_aالقاهرة : _bدار العالم العربى ، _c2014 . |
||
| 300 |
_a135 ص ؛ _c24 سم . |
||
| 490 | 0 | _a سلسلة اتجاهات حديثة فى الاعلام | |
| 504 | _aيشتمل على ارجاعات ببليوجرافية | ||
| 650 | 0 | 4 | _aبرامج الاذاعة |
| 650 | 0 | 4 | _aبرامج التليفزيون |
| 942 |
_2ddc _cBK |
||